000 01388nam a2200361 c 4500
003 BLK
005 20241129103857.0
008 180409b bul|||||r ||||||| ||bul||
010 _aKNG00115016000
020 _a954-9536-83-1
_bиздат.: Парадигма
040 _aBLK
041 _aBUL
_cBUL
080 _aИстория на балканските държави
_b94(497)
_x
_z94(497)
100 1 _aМанчев, Кръстьо Геров
_eпърви автор
_9372348
139 _aМанчев, Кръстьо Геров
_bМ 28
245 1 0 _aИстория на Балканските народи (1945 - 1990)
_cКръстьо Геров Манчев.
257 _aBGR
260 София
_bПарадигма
_c2003
300 _a438 с.
_c24 см
380 _a9
500 _aОфс. изд. - Съдържа и Хронологична таблица, Именен показалец. - Библиогр. с. 407-410.
504 _a407-410
650 4 _aБалкански държави - история
_9250143
653 _aбалкански държави
653 _aистория
653 _aнай-нова история
852 _aЦб 220876
856 4 _qpdf
_u
856 4 _qpdf
_u
942 _cKNG
_n0
_010
944 _aCR
_c16.09.2004
_k30546
_lРенета Константинова
944 _aED
_c12.10.2007
_k
999 _c109697
_d109697